logo

Bir Sreshtho Munshi Abdur Rouf Library
Jhenaidah Cadet College

Father Time and the day boxes / (Record no. 7513)

MARC details
000 -LEADER
fixed length control field 01078pam a2200289 a 4500
001 - CONTROL NUMBER
JCCL Control Number 7513
003 - CONTROL NUMBER IDENTIFIER
JCCL marc code BD-JhCC
005 - DATE AND TIME OF LATEST TRANSACTION
control field 20180211110731.0
008 - FIXED-LENGTH DATA ELEMENTS--GENERAL INFORMATION
fixed length control field 930520r19941985nyua j 000 1 eng
020 ## - INTERNATIONAL STANDARD BOOK NUMBER
International Standard Book Number 068971792X :
Terms of availability $4.95 ($6.50 Can.)
035 ## - SYSTEM CONTROL NUMBER
system control number (BD-JhCC)7513
040 ## - CATALOGING SOURCE
Original cataloging agency DLC
Transcribing agency DLC
Modifying agency DLC
-- BD-JhCC
041 ## - LANGUAGE CODE
Language code of Book eng
050 00 - LIBRARY OF CONGRESS CALL NUMBER
Classification number PZ7.L9954
Item number Fat 1994
082 00 - DEWEY DECIMAL CLASSIFICATION NUMBER
Classification number [E]
DDC Edition number 20
Author mark and Year LYO 1985
100 1# - MAIN ENTRY--PERSONAL NAME
Personal name Lyon, George Ella,
Dates associated with a name 1949-
245 10 - TITLE STATEMENT
Title Father Time and the day boxes /
Statement of responsibility, etc story by George Ella Lyon ; pictures by Robert Andrew Parker.
250 ## - EDITION STATEMENT
Edition statement 1st Aladdin Books ed.
260 ## - PUBLICATION, DISTRIBUTION, ETC. (IMPRINT)
Place of publication, distribution, etc New York :
Name of publisher, distributor, etc Aladdin Books ;
Place of publication, distribution, etc Toronto :
Name of publisher, distributor, etc Maxwell Macmillan Canada ;
Place of publication, distribution, etc New York :
Name of publisher, distributor, etc Maxwell Macmillan International,
Date of publication, distribution, etc 1994.
300 ## - PHYSICAL DESCRIPTION
Pagination 1 v. (unpaged) :
Other physical details col. ill. ;
Dimensions 28 cm.
520 ## - SUMMARY, ETC.
Summary, etc Text and illustrations describe how each day comes to us as Father Time tosses down one of the 365 packets he keeps safe in his vault in the clouds.
650 #1 - SUBJECT ADDED ENTRY--TOPICAL TERM
Topical term or geographic name as entry element Time
General subdivision Fiction.
650 #1 - SUBJECT ADDED ENTRY--TOPICAL TERM
Topical term or geographic name as entry element Day
General subdivision Fiction.
700 1# - ADDED ENTRY--PERSONAL NAME
Personal name Parker, Robert Andrew,
942 ## - ADDED ENTRY ELEMENTS (KOHA)
Source of classification or shelving scheme Dewey Decimal Classification
Koha item type Books
Holdings
Source of classification or shelving scheme Damaged status Not for loan Home library Current library Shelving location Date of accession Full call number Barcode Date last seen Copy number Method of acquisition Koha item type
Dewey Decimal Classification     JCC Rouf Library JCC Rouf Library General Stacks 11/23/2023 954 LYO 1985 1196 02/11/2018 C - 2 Purchase Books
Dewey Decimal Classification     JCC Rouf Library JCC Rouf Library General Stacks 11/23/2023 954 LYO 1985 1195 02/11/2018 C - 1 Purchase Books

JCC Library | Contacts | JCC Home

Last Update on 23 September 2017
Copyright @ 2017-2020 JCC Rouf Library
Rouf Library, Jhenidah Cadet College (JCC), Bangladesh